| 000 | 00691pam a2200193 a 4500 | ||
|---|---|---|---|
| 020 | _a0803949812 (pb) | ||
| 040 | _cDLC | ||
| 082 | 0 | 0 | _a361 SAG 1992 A016 Or. |
| 100 | 1 | _aMohr, Lawrence B. | |
| 245 | 1 | 0 | _aImpact analysis for program evaluation / |
| 260 |
_aNewbury Park : _bSage Publications, _cc1992. |
||
| 300 |
_axviii, 217, ix p. : _bill. ; _c23 cm. |
||
| 500 | _aOriginally published: Chicago, Ill. : Dorsey Press, c1988. | ||
| 650 | 0 | _aPolicy sciences. | |
| 650 | 0 | _aEvaluation research (Social action programs) | |
| 856 | 4 | 1 | _uhttp://www.loc.gov/catdir/enhancements/fy0655/92026388-t.html |
| 856 | 4 | 2 | _uhttp://www.loc.gov/catdir/enhancements/fy0660/92026388-d.html |
| 942 | _cEK | ||
| 999 |
_c11619 _d11619 |
||